000
00329 a2200157 4500
001
44663
020
_a
8599007246
040
_c
Anchieta - Aquarius
100
_a
Gouveia, Luis Augusto
240
1
0
_a
Leandro
_l
por
245
1
0
_a
Leandro
300
_a
39
362
0
_a
2005
650
4
_a
Literatura infanto-juvenil
942
_c
BK
999
_c
44663
_d
44663